MARC

Tag First Indicator Second Indicator Subfields
LEADER 00000cam a2200000 a 4500
001 in00000990341
005 20150927152310.0
008 901116s1990 dcua f00000 eng d
010 |a (DG91058112  
035 |a (OCoLC)22698987 
035 |9 AEX7040AM 
040 |a GPO  |c GPO  |d DLC  |d UtOrBLW 
043 |a n-us---  |a d------ 
074 |a 864-B-4 
086 0 |a S 1.128:Ec 7/8 
245 0 0 |a US foreign economic policy, 1990. 
264 1 |a Washington, DC :  |b U.S. Dept. of State, Bureau of Public Affairs, Office of Public Communication,  |c [1990] 
300 |a 31 pages :  |b illustrations ;  |c 28 cm. 
336 |a text  |b txt  |2 rdacontent 
337 |a unmediated  |b n  |2 rdamedia 
338 |a volume  |b nc  |2 rdacarrier 
490 1 |a Gist 
500 |a Cover title. 
500 |a Shipping list number: 90-680-P. 
500 |a "September 1990." 
500 |a "August 1990"--P. [2] of cover. 
651 0 |a United States  |x Economic policy. 
651 0 |a United States  |x Commercial policy. 
651 0 |a United States  |x Foreign economic relations. 
650 0 |a Economic assistance, American  |z Developing countries. 
710 1 |a United States.  |b Department of State.  |b Office of Public Communication. 
830 0 |a Gist. 
999 |a MARS 
999 f f |s 35fb24b1-30b8-362b-a66b-b737bc16f42e  |i 93d81461-e0c1-3c59-b2c2-b9d21e651793  |t 0 
952 f f |p normal  |a Texas A&M University  |b College Station  |c Sterling C. Evans Library  |d Evans: US Documents (Annex 5th floor)  |t 0  |e S 1.128:Ec 7/8  |h Superintendent of Documents classification  |i unmediated -- volume  |m A14813581559 
998 f f |a S 1.128:Ec 7/8  |t 0  |l Evans: US Documents (Annex 5th floor)